000 00737nam a2200229Ia 4500
003 OSt
005 20220930194842.0
006 a|||||r|||| 00| 0
007 ta
008 220926b |||||||| |||| 00| 0 eng d
024 _a13297
037 _cDissertations
040 _aCRL
_cCRL
_beng
041 _2eng
_aeng
110 _aUniversity of Delhi. Faculty of Arts. Department of Library and Information Science
_9519370
245 0 _aBibliographical services in sociology and anthropology in U.S. , U.K. and India
260 _c1968
650 _aLIBRARY SCIENCE
700 _aUniversity of Delhi. Faculty of Arts. Department of Library and Information Science
_9519372
942 _cDIS
_2CC
999 _c898225
_d898225